[Event "CZE-ch Juniors op-A"]
[Site "Kouty nad Desnou"]
[Date "2009.03.13"]
[Round "8"]
[White "Fusek, Lukas"]
[Black "Vaculka, Pavel"]
[Result "1-0"]
[WhiteElo "1857"]
[BlackElo "1797"]
[PlyCount "69"]
[EventDate "2009.03.07"]
[EventType "swiss"]
[EventRounds "9"]
[EventCountry "CZE"]
[SourceTitle "EXT 2011"]
[Source "ChessBase"]
[SourceDate "2010.11.26"]
[SourceVersion "1"]
[SourceVersionDate "2010.11.26"]
[SourceQuality "1"]

1. e4 e5 2. Nc3 Nc6 3. Bc4 Bc5 4. Qg4 Qf6 5. Nd5 Qxf2+ 6. Kd1 Kf8 7. Nh3 Qd4 8. d3 d6 9. Qf3 Bxh3 10. Rf1 Be6 11. c3 Qxc4 12. dxc4 Rc8 13. Bg5 Nce7 14. b4 Bb6 15. Qd3 c6 16. Nxb6 axb6 17. Kc2 d5 18. c5 b5 19. a4 h6 20. Bxe7+ Nxe7 21. axb5 g6 22. Qf3 dxe4 23. Qf6 Nf5 24. Rxf5 Bxf5 25. Qxh8+ Ke7 26. Qxe5+ Kf8 27. bxc6 bxc6 28. Ra7 Kg8 29. Rb7 e3+ 30. Kb2 e2 31. Rb8 Rxb8 32. Qxb8+ Kh7 33. Qe5 Bd3 34. Kc1 Kg8 35. Kd2 1-0

[Event "CZE-ch Juniors op-A"]
[Site "Sec u Chrudimi"]
[Date "2008.03.10"]
[Round "4"]
[White "Santora, Jiri"]
[Black "Vaculka, Pavel"]
[Result "1-0"]
[WhiteElo "1858"]
[BlackElo "1803"]
[PlyCount "68"]
[EventDate "2008.03.08"]
[EventType "swiss"]
[EventRounds "9"]
[EventCountry "CZE"]
[SourceTitle "EXT 2009"]
[Source "ChessBase"]
[SourceDate "2008.11.26"]
[SourceVersion "1"]
[SourceVersionDate "2008.11.26"]
[SourceQuality "1"]

1. e4 e5 2. Nf3 Nc6 3. Bc4 Bc5 4. c3 Nf6 5. d4 exd4 6. cxd4 Bb6 7. e5 d5 8. exf6 dxc4 9. d5 Nb4 10. Qa4+ c6 11. 0-0 Nxd5 12. fxg7 Rg8 13. Re1+ Be6 14. Bg5 Qd6 15. Qxc4 Rxg7 16. Nc3 Kd7 17. Rad1 Qc5 18. Nxd5 cxd5 19. Qa4+ Kd6 20. Qf4+ Kd7 21. Ne5+ Ke8 22. Qa4+ Kf8 23. Be3 Qc7 24. Bh6 a6 25. Qf4 Kg8 26. Bxg7 Kxg7 27. Qg5+ Kh8 28. Nxf7+ Bxf7 29. Qf6+ Kg8 30. Re7 Bxf2+ 31. Kh1 Qxe7 32. Qxe7 b6 33. Rf1 Re8 34. Qf6 Re1 1-0

[Event "CZE-ch Juniors op-A"]
[Site "Sec u Chrudimi"]
[Date "2008.03.10"]
[Round "3"]
[White "Vaculka, Pavel"]
[Black "Partys, Petr"]
[Result "0-1"]
[WhiteElo "1843"]
[BlackElo "1951"]
[PlyCount "84"]
[EventDate "2008.03.08"]
[EventType "swiss"]
[EventRounds "9"]
[EventCountry "CZE"]
[SourceTitle "EXT 2009"]
[Source "ChessBase"]
[SourceDate "2008.11.26"]
[SourceVersion "1"]
[SourceVersionDate "2008.11.26"]
[SourceQuality "1"]

1. e4 c5 2. Nf3 e6 3. d4 cxd4 4. Nxd4 a6 5. Nc3 Qc7 6. Be3 Nf6 7. Bd3 b5 8. a3 Bb7 9. f3 Nc6 10. 0-0 Be7 11. Qd2 0-0 12. Rac1 Rfd8 13. Qf2 Re8 14. Kh1 Rac8 15. Na2 Ne5 16. Be2 d5 17. Nc3 Nc4 18. Bxc4 Qxc4 19. e5 Nd7 20. f4 Qc7 21. Qg3 Bf8 22. Nf3 Nc5 23. Qh4 Ne4 24. Ng5 h6 25. Ngxe4 dxe4 26. Qg3 Bc5 27. Nd1 Red8 28. f5 Bxe3 29. Nxe3 Rd2 30. f6 g6 31. Qh4 h5 32. Qg5 Qc5 33. Nf5 exf5 34. Qxd2 Qxe5 35. Qd7 Rc7 36. Qd8+ Kh7 37. Rfd1 e3 38. Qd3 f4 39. Qd4 Qf5 40. Rg1 f3 41. g3 f2+ 42. Rg2 e2 0-1

[Event "CZE-ch Juniors op-B"]
[Site "Zlate Hory"]
[Date "2006.03.15"]
[Round "6"]
[White "Vaculka, Pavel"]
[Black "Seiner, Frantisek"]
[Result "1/2-1/2"]
[WhiteElo "1721"]
[BlackElo "1699"]
[PlyCount "69"]
[EventDate "2006.03.11"]
[EventType "swiss"]
[EventRounds "9"]
[EventCountry "CZE"]
[SourceTitle "EXT 2008"]
[Source "ChessBase"]
[SourceDate "2007.11.25"]
[SourceVersion "1"]
[SourceVersionDate "2007.11.25"]
[SourceQuality "1"]

1. e4 c5 2. Nf3 Nc6 3. d4 cxd4 4. Nxd4 Nf6 5. Nc3 e5 6. Nb3 Bb4 7. f3 d5 8. Bd2 dxe4 9. Nxe4 Nxe4 10. Bxb4 Qh4+ 11. g3 Nxg3 12. hxg3 Qxh1 13. Qe2 Nxb4 14. Qxe5+ Be6 15. Qxg7 Nxc2+ 16. Kf2 Qh2+ 17. Bg2 0-0-0 18. Qc3+ Kb8 19. Rh1 Qxh1 20. Bxh1 Bxb3 21. Qxb3 Rd2+ 22. Kg1 Re8 23. Bg2 Re1+ 24. Kh2 Ne3 25. Kh3 Rxg2 26. Kh4 Rh1+ 27. Kg5 Rxg3+ 28. Kf4 Rhh3 29. Qb5 Ng2+ 30. Ke4 Rh4+ 31. Kd3 Rxf3+ 32. Ke2 Rhf4 33. Qe5+ Kc8 34. Qc5+ Kd7 35. Qd5+ 1/2-1/2